System and corpus: exploring connections
Salvato in:
| Autori principali: | , |
|---|---|
| Natura: | Libro |
| Lingua: | inglese |
| Pubblicazione: |
Londres
Equinox
2006
|
| Edizione: | 1a. ed |
| Serie: | Functional Linguistics
|
| Soggetti: | |
| Tags: |
Aggiungi Tag
Nessun Tag, puoi essere il primo ad aggiungerne!!
|
MARC
| LEADER | 00000nam a2200000 a 4500 | ||
|---|---|---|---|
| 001 | UCJ0736 | ||
| 003 | CL-VaPUC | ||
| 008 | 060901e20060000UK |||||||||||||||||eng|d | ||
| 020 | |a 1904768199 | ||
| 082 | 0 | 4 | |a 415.018 |b THO |2 21 |
| 100 | 0 | |a Thompson, Geoff |e author |9 501044 | |
| 700 | |a Hunston, Susan |e author |9 551522 | ||
| 245 | 1 | 0 | |a System and corpus: exploring connections |
| 250 | |a 1a. ed | ||
| 300 | |a 326 p | ||
| 942 | |c BK | ||
| 945 | |d 20060901 00:00:00 |a cmena | ||
| 260 | |a Londres |b Equinox |c 2006 | ||
| 650 | 7 | |a GRAMATICA SISTEMICA |2 CL-VaPUC |9 501046 | |
| 650 | 0 | |a Aplicaciones de computadores |9 260401 | |
| 650 | 0 | |a Investigación lingüística |9 329785 | |
| 650 | 7 | |a FRASEOLOGIA |2 CL-VaPUC |9 501047 | |
| 583 | |a last modification |c 20140408 11:18:54 |k Rodrigo Vera | ||
| 490 | 0 | |a Functional Linguistics | |
| 999 | |c 317489 |d 317487 | ||
| 952 | |0 0 |1 0 |4 0 |6 415_018000000000000_THO_2006 |7 0 |8 A |9 393928 |a FDOPOS |b FDOPOS |d 2019-11-22 |i 4264770 |o 415.018 THO 2006 |p 4264770 |r 2025-01-22 |w 2019-11-22 |y BK |k MLA | ||
| 952 | |0 0 |1 0 |4 0 |6 415_018000000000000_THO_2006 |7 0 |8 A |9 393929 |a FDOPOS |b FDOPOS |d 2019-11-22 |i 4284127 |o 415.018 THO 2006 |p 4284127 |r 2025-01-22 |w 2019-11-22 |y BK |k MLA | ||
| 952 | |0 0 |1 0 |4 0 |6 415_018000000000000_THO_2006 |7 0 |8 A |9 393930 |a FDOPOS |b FDOPOS |d 2019-11-22 |i 4263758 |o 415.018 THO 2006 |p 4263758 |r 2025-01-22 |w 2019-11-22 |y BK |k MLA | ||